LEADER 01018cam0 22002653 450 001 SOB008675 005 20230706132956.0 010 $a8813235216 100 $a20040211d2001 |||||ita|0103 ba 101 $aita 102 $aIT 200 1 $a<>nuova disciplina dei reati tributari$e 2, I primi orientamenti giurisprudenziali ed amministrativi e le più recenti modifiche normative$fGraziano Tarantini, Giovanni Esposito$gprefazione di Vincenzo Mariconda Mariconda 210 $aPadova$cCEDAM$d2001 215 $aIX, 200 p.$d24 cm 700 1$aTarantini$b, Graziano$3AF00007732$4070$0262227 702 1$aESPOSITO, Giovanni$3AF00018911$4070 801 0$aIT$bUNISOB$c20230706$gRICA 850 $aUNISOB 852 $aUNISOB$j340$m108660 912 $aSOB008675 940 $aM 102 Monografia moderna SBN 941 $aM 957 $a340$b003464$gSI$d108660$rACQUISTO$1rovito$2UNISOB$3UNISOB$420230706132553.0$520230706132611.0$6rovito 996 $aNuova disciplina dei reati tributari$91678529 997 $aUNISOB LEADER 01719cam a22003137i 4500 001 991003145009707536 005 20250430125951.0 008 950520s1612 au a b 000 0 lat d 035 $ab14287833-39ule_inst 035 $aCICOGNARA-4014$9ExL 040 $aBibl. Interfacoltà T. Pellegrino$bita 100 1 $aScheiner, Christoph,$cS.I.$d<1575-1650>$0717545 245 10$aDe macvlis solarib[us] et stellis circa iouem errantibus :$baccuratior disquisitio, ad Marcvm Velservm ... Perscripta. Interiectis obseruationum delineationibus. 246 3 $aDe maculis solarib[us] et stellis circa Iovem errantibus,$baccuratior disquisitio, ad Marcum Velserum ... Perscripta. Interiectis observationum delineationibus. 260 $aAugustae Vindelicorum :$bad insigne pinus,$c1612 300 $a52 p. :$bill.; $c4° (20 cm). 500 $aMarca tipografica sul front. 500 $aFrontoni, inziali xilografici. 500 $aIncisioni calcografiche. 500 $aNota bibliografica ms a c. G2v, p. 52$5BAV$3Cicognara.III.408(int.3) 500 $aRiproduzione in microfiche dell'originale conservato presso la Biblioteca Apostolica Vaticana 787 18$iLeopoldo Cicognara Program :$tBiblioteca Cicognara$h[microform] : literary sources in the history of art and kindred subjects 787 18$tCatalogo ragionato dei libri d'arte e d'antichità / Leopoldo Cicognara 907 $a.b14287833$b01-04-22$c28-07-16 912 $a991003145009707536 945 $aLE002 SB Raccolta Cicognara, mcrf 409B$g0$lle002$pE0.00$rn$so $t11$u0$v0$w0$x0$y.i15759131$z28-07-16 996 $aDe macvlis solarib et stellis circa iouem errantibus$91390712 997 $aUNISALENTO 998 $ale002$b28-07-16$cm$dg $e-$flat$gau $h0$i1